Compendio de la historia moderna, desde la destrucción del imperio romano... hasta fines de 1818

Detalles Bibliográficos
Autor principal: PIQUOT, A.
Formato: Libro
Publicado: París 1836
Materias:
Colección:Banco de datos
Acervo:Biblioteca del Convento de Santa María Magdalena. Cuitzeo. Michoacán
Descripción Física:t.II
Tema general:Historia
Notas:Buena. B2,1
LEADER 00743nam a22002050004500
035 |a 33428 
036 |a 157 
100 1 |a PIQUOT, A. 
245 1 0 |a Compendio de la historia moderna, desde la destrucción del imperio romano... hasta fines de 1818  |c tr. Carlos de Landa 
260 |a París  |b Imprenta de Everat  |c 1836 
300 |a t.II 
500 |a Buena. B2,1 
650 1 0 |a Historia 
949 |a C.R.M./CUITZEO 
959 |a Ex convento de Santa María Magdalena, Museo Nacional de la Estampa, Cuitzeo, Michoacán  |b CCC3 
960 |a Convento de Santa María Magdalena, Cuitzeo Michoacán  |b DD85 
961 |a Agustina  |b OA 
942 |c CUITZEO 
943 |g Biblioteca del Convento de Santa María Magdalena. Cuitzeo. Michoacán 
999 |c 959639  |d 959639